Measurement of personal health expenditures : development and testing of a brief questionnaire on family medical and dental expenditures for use in the Health Interview Survey.

Bibliographic Details
Corporate Author: United States. Public Health Service
Format: Government Document eBook
Language:English
Published: Washington, D.C. : U.S. Department of Health, Education, and Welfare, Publice Health Service, 1963.
Series:Vital and health statistics. Data evaluation and methods research ; no. 2.
Public Health Service publication ; no. 1000.
Subjects:
Online Access:https://purl.fdlp.gov/GPO/gpo140693

MARC

Tag First Indicator Second Indicator Subfields
LEADER 00000cam a2200000 i 4500
001 in00004335413
005 20211120105437.0
006 m o d f
007 cr un||||a|a||
008 190204s1963 dcu ob f000 0 eng c
019 |a 973345869 
035 |a (OCoLC)on1084276567 
042 |a pcc 
043 |a n-us--- 
040 |a OCLCE  |b eng  |e rda  |e pn  |c OCLCE  |d OCLCQ  |d OCLCO  |d U3G  |d OCLCF  |d OCL  |d OCLCA  |d GPO  |d MvI 
049 |a WWW 
074 |a 0500-E (online) 
086 0 |a FS 2.85/2:2/NO.2  |z HE 20.6209:2/2 
245 0 0 |a Measurement of personal health expenditures :  |b development and testing of a brief questionnaire on family medical and dental expenditures for use in the Health Interview Survey. 
264 1 |a Washington, D.C. :  |b U.S. Department of Health, Education, and Welfare, Publice Health Service,  |c 1963. 
300 |a 1 online resource (5 unnumbered pages, 59 pages). 
336 |a text  |b txt  |2 rdacontent 
337 |a computer  |b c  |2 rdamedia 
338 |a online resource  |b cr  |2 rdacarrier 
490 1 |a Vital and health statistics. Series 2, Data evaluation and methods research ;  |v number 2 
490 1 |a Public Health Service publication ;  |v no. 1000-series 2-no. 2 
500 |a "June 1963." 
504 |a Includes bibliographical references. 
588 |a Description based on online resource; title from PDF cover (CDC, viewed June 16, 2020). 
650 0 |a Health surveys. 
650 0 |a Medical care, Cost of  |z United States. 
650 7 |a Health surveys.  |2 fast  |0 (OCoLC)fst00953352 
650 7 |a Medical care, Cost of.  |2 fast  |0 (OCoLC)fst01013902 
651 7 |a United States.  |2 fast  |0 (OCoLC)fst01204155 
655 7 |a Statistics.  |2 fast  |0 (OCoLC)fst01423727 
710 2 |a National Center for Health Statistics (U.S.),  |e issuing body. 
710 1 |a United States.  |b Public Health Service. 
776 0 8 |i Print version:  |a National Center for Health Statistics (U.S.).  |t Measurement of personal health expenditures  |w (OCoLC)14594269 
830 0 |a Vital and health statistics.  |n Series 2,  |p Data evaluation and methods research ;  |v no. 2. 
830 0 |a Public Health Service publication ;  |v no. 1000. 
856 4 0 |u https://purl.fdlp.gov/GPO/gpo140693  |t 0 
999 f f |s 5a62455b-f3bf-3bd3-8c0d-73198ba96fe7  |i 00ea5205-64c8-3781-939e-c96f2ad8e353  |t 0 
952 f f |a Texas A&M University  |b College Station  |c Electronic Resources  |d Available Online  |t 0  |e FS 2.85/2:2/NO.2  |h Superintendent of Documents classification 
998 f f |a FS 2.85/2:2/NO.2  |t 0  |l Available Online